000 01493nam a22005177a 4500
001 BR2016005092
003 BR-BrBNA
005 20230928105019.0
007 ta
008 230509b bl.||||| |||| 00| 0 por d
040 _aBR-BrBNA
_bpor
_cBiblioteca Nacional de Agricultura
041 _a(Por)
072 _aM12
_b8105
090 _ 8105 BR2016005092
100 1 _aRodrigues, A.P.O. (ed.)
100 1 _aLima, A.F. (ed.)
100 1 _aAlves, A.L. (ed.)
100 1 _aRosa, D.K. (ed.)
100 1 _aTorati, L.S. (ed.)
100 1 _aSantos, V.R.V. dos (ed.)
110 1 _aEmpresa Brasileira de Pesquisa Agropecuária, Brasília, DF (Brasil)
245 1 _aPiscicultura de água doce: multiplicando conhecimentos
250 1 _a1. ed.
260 3 _aBrasília, DF (Brasil):
_c2013.
300 _a440 p.
500 _aIncludes several bibliographies.; Summary (Por).; Glossary p. 427-440; 151 illus.; 107 tables
650 _aAQUICULTURA
650 _aPISCICULTURA
650 _aPEIXE
650 _aTECNOLOGIA
650 _aANATOMIA ANIMAL
650 _aFISIOLOGIA ANIMAL
650 _aSISTEMA DE PRODUÇÃO
650 _aTANQUE
650 _aQUALIDADE DA ÁGUA
650 _aNUTRIÇÃO ANIMAL
650 _aMANEJO
650 _aDOENÇA ANIMAL
650 _aZOONOSE
650 _aMELHORAMENTO GENÉTICO ANIMAL
650 _aREPRODUÇÃO ANIMAL
650 _aALEVINO
650 _aABATE
909 _a202309
_bLucia
_c55
_dLucia Elande
942 _cBK
999 _c82940
_d82940